00377nam a22001217a 4500082002100000100001400021110001600035245009300051260004100144300002500185526003700210650000800247 a625.7095491bGOH aGhoar Ali aSaeed Tariq aEngineering and economic feasibility report of dual carriageway between Nowshera-Mardan/ aNWFP:bCentral design office,cc1982 a48 p;,bmaps,:c26cm a0b0c0d625_709549100000000_GOH aMCE